Handbook of photovoltaics science and engineering / (Record no. 8743)

MARC details
000 -LEADER
fixed length control field 01890cam a22003494a 4500
001 - CONTROL NUMBER
control field 15259255
003 - CONTROL NUMBER IDENTIFIER
control field OSt
005 - DATE AND TIME OF LATEST TRANSACTION
control field 20240624122913.0
008 - FIXED-LENGTH DATA ELEMENTS--GENERAL INFORMATION
fixed length control field 080412s2007 enka b 001 0 eng c
010 ## - LIBRARY OF CONGRESS CONTROL NUMBER
LC control number 2008273139
015 ## - NATIONAL BIBLIOGRAPHY NUMBER
National bibliography number GBA682496
Source bnb
016 7# - NATIONAL BIBLIOGRAPHIC AGENCY CONTROL NUMBER
Record control number 013563392
Source Uk
020 ## - INTERNATIONAL STANDARD BOOK NUMBER
International Standard Book Number 9781844074013 (pbk.)
035 ## - SYSTEM CONTROL NUMBER
System control number (OCoLC)ocm71808676
040 ## - CATALOGING SOURCE
Original cataloging agency UKM
Transcribing agency MUST
Modifying agency BAKER
-- YDXCP
-- BWKUK
-- UMC
-- BTCTA
-- IQU
-- DLC
042 ## - AUTHENTICATION CODE
Authentication code pcc
082 00 - DEWEY DECIMAL CLASSIFICATION NUMBER
Classification number 537.54 LUQ
100 ## - MAIN ENTRY--PERSONAL NAME
Personal name Luque, Antonio
9 (RLIN) 17678
245 00 - TITLE STATEMENT
Title Handbook of photovoltaics science and engineering /
Statement of responsibility, etc. Antonio Luque
250 ## - EDITION STATEMENT
Edition statement 2nd ed.
260 ## - PUBLICATION, DISTRIBUTION, ETC. (IMPRINT)
Place of publication, distribution, etc. London ;
Name of publisher, distributor, etc. Earthscan,
300 ## - PHYSICAL DESCRIPTION
Extent xii, 323 p. :
Other physical details ill. ;
Dimensions 25 cm.
504 ## - BIBLIOGRAPHY, ETC. NOTE
Bibliography, etc Includes bibliographical references and index.
505 0# - FORMATTED CONTENTS NOTE
Formatted contents note The characteristics of sunlight -- Semiconductors and P-N junctions -- The behavior of solar cells -- Cell properties and design -- PV cell interconnection and module fabrication -- Stand-alone photovoltaic system components -- Designing stand-alone photovoltaic systems -- Specific purpose photovoltaic applications -- Remote area power supply systems -- Grid-connected photovoltaic systems -- Photovoltaic water pumping system components -- PV water pumping system design -- Standard AM0 and AM1.5 spectra -- Equations for calculating sun position -- Characteristic days and declinations -- Some insolation data sources -- Standards -- Alternative sources of power for water pumping -- Stand-alone photovoltaic system design -- System design for PV-powered water pumping.
650 #0 - SUBJECT ADDED ENTRY--TOPICAL TERM
Topical term or geographic name as entry element Photovoltaic power generation.
9 (RLIN) 17679
650 #0 - SUBJECT ADDED ENTRY--TOPICAL TERM
Topical term or geographic name as entry element Photovoltaic cells.
9 (RLIN) 17680
700 1# - ADDED ENTRY--PERSONAL NAME
Personal name Wenham, S. R.
Fuller form of name (Stuart R.)
9 (RLIN) 17681
700 1# - ADDED ENTRY--PERSONAL NAME
Personal name Hegedus, Steven
9 (RLIN) 17682
906 ## - LOCAL DATA ELEMENT F, LDF (RLIN)
a 7
b cbc
c pccadap
d 2
e ncip
f 20
g y-gencatlg
942 ## - ADDED ENTRY ELEMENTS (KOHA)
Source of classification or shelving scheme Dewey Decimal Classification
Koha item type Open Shelf
Holdings
Withdrawn status Lost status Source of classification or shelving scheme Damaged status Not for loan Home library Current library Date acquired Source of acquisition Inventory number Total Checkouts Full call number Barcode Date last seen Price effective from Koha item type
    Dewey Decimal Classification     MUST Main Library MUST Main Library 24/06/2024 Purchase 2011/34264   537.54 LUQ 2024-21098 24/06/2024 24/06/2024 Open Shelf